000 00551nam a2200205Ia 4500
005 20250508164402.0
008 008 250505s9999 xx 000 0 hin d
020 _a978-81-267-0672-3
037 _aTextual
040 _aFEDL
_beng
_cFEDL
041 _ahin
_2eng
084 _a891.433, RAH
_qFEDL
100 _aRahi Masoom Raza
245 0 _aAadha gaon
260 _aNew Delhi, India
_bRaj Kamal Prakashan Pvt Ltd
_c2007
300 _a344p
365 _aINR
_b350
942 _cTEXL
_h891.433, RAH
999 _c1388878
_d1388878